00314nam a2200121Ia 45000030006000000080041000060400015000471000028000622450053000902600020001435460012001630050017001750STCL150530s9999 xx 000 0 und d aSTCLcSTCL aReiss Steven and others aAbnormality experimental and clinical approaches bMacmillanc1977 aEnglish20220125170451.0